000
00210 a2200097 4500
001
52793
100
_a
Haugland V
245
_a
Eagle Squadrons
260
_a
London
_b
David & Charles
_c
090
_c
33235
_d
33235
942
_a
NUST-CAE
_c
M
_c
25820
999
_c
287866
_d
287866